000 01609nam a2200337 i 4500
001 12779
003 ES-MaACL
005 20230906150409.0
007 t|
008 920917s1987 sp |||| | spa d
020 _a84-00-06708-8
080 _a262.4(851.1)"16"
110 1 _aLima (Archidiócesis).
_bSínodo (
_d1613)
_9151104
245 1 0 _aSínodos de Lima de 1613 y 1636 /
_c[elaborados por] Bartolomé Lobo Guerrero, Fernando Arias de Ugarte ; [estudio introductorio por José María Soto Rábanos].
260 _aMadrid :
_bCentro de Estudios del Consejo Superior de Investigaciones Científicas ;
_aSalamanca :
_bInstituto de Historia de la Teología Española de la Universidad Pontificia,
_c1987.
300 _aCIII, 457 p. ;
_c25 cm.
490 1 _aTierra nueva e cielo nuevo. Sínodos americanos
534 _pReprod. facs. de la ed.
_tConstituciones sinodales del Arzobispado de Los Reyes en el Perú,
_cLos Reyes : Francisco del Canto, 1613.
650 4 _aConcilios y sínodos-
_zLima.
_911244
655 7 _2tgfbne
_9226495
_aFacsímiles
700 1 _aArias de Ugarte, Fernando.
_922776
700 1 _aSoto Rábanos, José María.
_9107525
700 1 _aLobo Guerrero, Bartolomé.
_973024
710 1 _aLima (Archidiócesis).
_bSínodo (
_d1613)
_9151104
710 2 _aCentro de Estudios Históricos (1985-1999)
_92639
710 2 _aUniversidad Pontificia de Salamanca.
_bInstituto de Historia de la Teología Española.
_97451
830 0 _aTierra nueva e cielo nuevo. Sínodos americanos
_9226693
852 _aES-MaACL
_jL-19986
942 _2udc
999 _c12779
_d12779